000 00597pam a2200229 i 4500
001 3211947
005 20180315045014.0
008 790116s1979 iluaf b 001 0 eng
010 _a 78068546
020 _a0226509761
020 _a0226509788 (pbk.)
040 _aDLC
_cDLC
_dDLC
041 _aeng
080 _a791.4302907 MAS
082 0 0 _a791.4302907 MAS
100 1 _a45
101 _aMUZ
245 1 4 _aThe comic mind :
_cGerald Mast.
504 _aBibliography: p. [346]-347.
906 _a7
_bcbc
_corignew
_d1
_eopcn
_f19
_gy-gencatlg
942 _2ddc
_cBK
999 _c45079
_d45079